Central Library OPAC University of Rajshahi

ভাওয়াইয়া গানের বিকাশে মহেশচন্দ্র রায়, হরলাল রায় ও কছিম উদ্দীনের অবদান / (Record no. 36557)

MARC details
000 -LEADER
fixed length control field 02280ntm a22003257a 4500
001 - CONTROL NUMBER
control field 36557
003 - CONTROL NUMBER IDENTIFIER
rucl marc code BD-RjUL
005 - DATE AND TIME OF LATEST TRANSACTION
control field 20211209052514.0
008 - FIXED-LENGTH DATA ELEMENTS--GENERAL INFORMATION
fixed length control field 140701s2012 bg ||||| |||| 00| 0 ben d
035 ## - SYSTEM CONTROL NUMBER
System control number (BD-RjUL)36658
040 ## - CATALOGING SOURCE
Original cataloging agency BD-RjUL
Language of cataloging ben
Transcribing agency BD-RjUL
Modifying agency BD-RjUL
041 ## - LANGUAGE CODE
Language code of text/sound track or separate title ben
082 ## - DEWEY DECIMAL CLASSIFICATION NUMBER
Classification number 781.629144
Author mark and year SAB 2012
100 ## - MAIN ENTRY--PERSONAL NAME
Personal name সরকার, মো. আসাদুজ্জামান
9 (RLIN) 111322
245 ## - TITLE STATEMENT
Title ভাওয়াইয়া গানের বিকাশে মহেশচন্দ্র রায়, হরলাল রায় ও কছিম উদ্দীনের অবদান /
Statement of responsibility, etc. মো. আসাদুজ্জামান সরকার ;
Linkage তত্ত্বাবধায়ক : মুহম্মদ আবদুল জলিল
260 ## - PUBLICATION, DISTRIBUTION, ETC. (IMPRINT)
Place of publication, distribution, etc. রাজশাহী :
Name of publisher, distributor, etc. নাট্যকলা ও সঙ্গীত বিভাগ, রাজশাহী বিশ্ববিদ্যালয়,
Date of publication, distribution, etc. ২০১২
300 ## - PHYSICAL DESCRIPTION
Pagination iv, ২১৯ পাতা;
Size ৩৮ সেমি.
502 ## - DISSERTATION NOTE
Dissertation note থিসিস (এম. ফিল.)-- নাট্যকলা ও সঙ্গীত বিভাগ, রাজশাহী বিশ্ববিদ্যালয়, ২০১২.
504 ## - BIBLIOGRAPHY, ETC. NOTE
Bibliography, etc গ্রন্থপঞ্জি : পাতা ১৫৬-১৬১
600 ## - SUBJECT ADDED ENTRY--PERSONAL NAME
Personal name রায়, মহেশচন্দ্র,
Dates associated with a name --১৯১৮-১৯৯৩
General subdivision ব্যাখা ও সমালোচনা
Personal name Roy, Mahesh Chandra,
Dates associated with a name --1918-1993
General subdivision Interpretation and Criticism
Personal name রায়, হরলাল,
Dates associated with a name --১৯৩২-১৯৯৪
General subdivision ব্যাখা ও সমালোচনা
Personal name Roy, Harlal
Dates associated with a name --1932-1994
General subdivision Interpretation and Criticism
Personal name উদ্দিন,কছিম,
Dates associated with a name --১৯৩৪- ১৯৯২
General subdivision ব্যাখা ও সমালোচনা
Personal name Uddin, Kasim,
Dates associated with a name --1934-1992
General subdivision Interpretation and Criticism
650 ## - SUBJECT ADDED ENTRY--TOPICAL TERM
Topical term or geographic name as entry element লোক সঙ্গীত, বাংলা
9 (RLIN) 111363
Geographic subdivision বাংলাদেশ
Topical term or geographic name as entry element Folk Song, Bengali
9 (RLIN) 111364
Geographic subdivision Bangladesh
700 ## - ADDED ENTRY--PERSONAL NAME
Personal name জলিল, মুহম্মদ আবদুল, তত্ত্বাবধায়ক
942 ## - ADDED ENTRY ELEMENTS (KOHA)
Source of classification or shelving scheme Dewey Decimal Classification
Koha item type Theses
Holdings
Lost status Source of classification or shelving scheme Damaged status Not for loan Collection code Permanent Location Current Location Shelving location Date acquired Source of acquisition Cost, normal purchase price Total Checkouts Full call number Date last seen Copy number Koha item type
  Dewey Decimal Classification   Not For Loan Theses Central Library, University of Rajshahi Central Library, University of Rajshahi Documentation Section 29/10/2013 Controller of Examination Office, University of Rajshahi, Rajshahi. 0.00   BTHE 781.629144 SAB 2012 01/07/2014 C-1 Theses